header

Chronic hepatitis B and C (Record no. 66853)

MARC details
000 -LEADER
fixed length control field 01357nam a2200349Ia 4500
082 04 - DEWEY DECIMAL CLASSIFICATION NUMBER
Classification number 616.3/623
245 00 - TITLE STATEMENT
Title Chronic hepatitis B and C
260 ## - PUBLICATION, DISTRIBUTION, ETC. (IMPRINT)
Place of publication Singapore ;
-- Hackensack, NJ :
Name of publisher World Scientific,
Year of publication c2013.
300 ## - PHYSICAL DESCRIPTION
Number of Pages xviii, 396 p. :
Other physical details ill. (some col.), col. maps.
650 #0 - SUBJECT ADDED ENTRY--TOPICAL TERM
Topical Term Chronic diseases.
Topical Term Hepatitis B
Topical Term Hepatitis C
Topical Term Hepatitis C
700 1# - ADDED ENTRY--PERSONAL NAME
Personal name Shih, Chiaho.
856 40 - ELECTRONIC LOCATION AND ACCESS
Uniform Resource Identifier http://site.ebrary.com/lib/rucke/Doc?id=10627497

No items available.

© 2026 Rongo University
Contact us: librarian | system librarian | Rongo university